| 000 | 00559nam a2200193Ia 4500 | ||
|---|---|---|---|
| 003 | GCL | ||
| 008 | 140319s9999 xx 000 0 ara d | ||
| 040 |
_aGCL / _cGCL |
||
| 082 | 0 | 4 |
_aط _b229.3 _bى ا |
| 100 | 1 | _aيوسف العظم | |
| 245 | 1 | 0 |
_aادعية واداب للجيل المسلم / _cيوسف العظم |
| 300 | _a67 ص | ||
| 490 |
_aمع الجيل المسلم _v0 |
||
| 650 | 0 | 4 | _aالاسلام |
| 650 | 0 | 4 | _aالدعاء |
| 650 | 0 | 4 | _aالادعية والاوراد |
| 650 | 0 | 4 | _aالشعائر الاسلامية |
| 942 |
_2ddc _cBK |
||
| 999 |
_c51274 _d51274 |
||